Statistics for Last Lines of Songs

Click here to take the quiz!

General Stats

  • This quiz has been taken 162 times
  • The average score is 6 of 20

Answer Stats

Last LineSong / Artist% Correct
Anyway the wind blowsBohemian Rhapsody / Queen
82%
(Every night you stay) I'll be watching youEvery Breath You Take / The Police
64%
But this Friday night, do it all againLast Friday Night (T.G.I.F.) / Katy Perry
48%
Yeah, you, you wreck meWrecking Ball / Miley Cyrus
40%
Would you lie with me and just forget the world?Chasing Cars / Snow Patrol
35%
They paved paradise / Put up a parking lotBig Yellow Taxi / Joni Mitchell
32%
Angels to fly, to fly, to fly / Angels to dieThe A Team / Ed Sheeran
31%
That was just a dream / Just a dream / Just a dream, dreamLosing My Religion / R.E.M.
29%
That's how easy love can beABC / The Jackson 5
26%
I need your love / God speed your love to meUnchained Melody / The Righteous Brothers
26%
I never / I never / I never / I neverMr. Brightside / The Killers
23%
You gotta make a decision / Leave tonight or live and die this wayFast Car / Tracy Chapman
20%
But it's time to face the truth / I will never be with youYou're Beautiful / James Blunt
20%
You look like bad news / I gotta have you / I gotta have you22 / Taylor Swift
18%
But I have no choice, 'cause I won't say goodbye anymore...This Love / Maroon 5
18%
Hey, yeah, yeah, mama rock me (you can rock me, rock me)Wagon Wheel / Darius Rucker
17%
We only got (One world, one world) / That's all we got (One world, one world)Where Is The Love? / Black Eyed Peas
16%
You better let somebody love you / Before it's too lateDesperado / Eagles
13%
To the middle of my frustrated fearsJust Like A Pill / P!nk
6%
Baby don't you know, baby don't you know / We can live foreverHistory / One Direction
4%

Score Distribution

Percentile by Number Answered

Percent of People with Each Score

Your Score History

You have not taken this quiz